00981nam a2200193 i 450000100060000000300090000600500170001500700030003200800410003510000520007624501950012826000710032330000200039459400690041465000550048385200840053899900170062295201480063928650ES-MaACL20251017063043.0t|030117s1894 sp ||||1| fre d1 aAzúa y Suárez, Juan de, d1858-1922914152110aResultats thérapeutiques et hygiéniques de l'hospitalisation interne et extérne des malades atteints d'affections cutanées vénériennes et syphilitiques / cpar le docteur Azúa. aMadrid : b[s.n.], c1894 (fEst. tip. de Ulpiano Gómez Pérez) a7 p. ; c23 cm. aPrecede al tít.: Au Congres International de Medicine de Rome. 7aEnfermedades de transmisión sexual2embne912260 aES-MaACLjT-856-F-10 z.- Enc. en un vol. facticio conservando la enc. original c28650d28650 001040708Colección_de_folletosaATENEOMbATENEOMcDEPOFd2008-01-17eSCl0oT-856-F-10p1029581r2023-02-23 00:00:00w2023-02-23yFOLLETOS